[Event "World Teams 2013"]
[Site "Antalya TUR"]
[Date "2013.11.26"]
[Round "1.1"]
[White "Khenkin, Igor"]
[Black "Ezat, Mohamed"]
[Result "1/2-1/2"]
[WhiteTitle "GM"]
[BlackTitle "IM"]
[WhiteElo "2612"]
[BlackElo "2454"]
[WhiteTeam "Germany"]
[BlackTeam "Egypt"]
[WhiteFideId "4659600"]
[BlackFideId "10600906"]
[EventDate "2013.11.26"]

1. d4 Nf6 2. c4 g6 3. Nc3 Bg7 4. e4 d6 5. Nf3 O-O 6. h3 e5 7. d5 a5 8. Bg5 Na6
9. g4 Qe8 10. Rg1 Kh8 11. Qd2 Nc5 12. Qe2 c6 13. Nd2 Bd7 14. Qf3 Ng8 15. Nb3 b6
16. Rd1 cxd5 17. Nxd5 f6 18. Be3 Qb8 19. Nd2 Qd8 20. Nb1 Ne7 21. Nxe7 Qxe7 22.
Nc3 Bc6 23. Nd5 Qb7 24. h4 Rad8 25. h5 g5 26. b3 Rf7 27. Be2 Ra8 28. Kf1 h6 29.
Kg2 Ne6 30. Kh2 Nd4 31. Bxd4 exd4 32. Qf5 Re8 33. Rxd4 Re5 34. Qf3 f5 35. gxf5
Rexf5 36. exf5 Bxd4 37. Rd1 Bxd5 38. cxd5 g4 39. Qxg4 Be5+ 40. f4 Rg7 41. Qh4
Qe7 42. Qxe7 1/2-1/2

[Event "World Teams 2013"]
[Site "Antalya TUR"]
[Date "2013.11.26"]
[Round "1.1"]
[White "Abdel Razik, Khaled"]
[Black "Meier, Georg"]
[Result "0-1"]
[WhiteTitle "IM"]
[BlackTitle "GM"]
[WhiteElo "2450"]
[BlackElo "2623"]
[WhiteTeam "Egypt"]
[BlackTeam "Germany"]
[WhiteFideId "10601104"]
[BlackFideId "4675789"]
[EventDate "2013.11.26"]

1. d4 Nf6 2. Nf3 d5 3. c4 e6 4. Nc3 Be7 5. Bg5 h6 6. Bxf6 Bxf6 7. e3 O-O 8. h4
c5 9. cxd5 cxd4 10. Nxd4 exd5 11. Qh5 Nc6 12. O-O-O Be6 13. Rd2 Nxd4 14. exd4 b5
15. Bxb5 Qa5 16. Nxd5 Qxa2 17. Nxf6+ gxf6 18. d5 Rac8+ 19. Bc6 Qa1+ 20. Kc2 Qxh1
21. Rd3 Kh7 22. Rc3 Rxc6 0-1

[Event "World Teams 2013"]
[Site "Antalya TUR"]
[Date "2013.11.26"]
[Round "1.1"]
[White "Naiditsch, Arkadij"]
[Black "Shoker, Samy"]
[Result "0-1"]
[WhiteTitle "GM"]
[BlackTitle "IM"]
[WhiteElo "2727"]
[BlackElo "2500"]
[WhiteTeam "Germany"]
[BlackTeam "Egypt"]
[WhiteFideId "4650891"]
[BlackFideId "627143"]
[EventDate "2013.11.26"]

1. e4 c5 2. Nf3 g6 3. c3 Bg7 4. d4 Qc7 5. Na3 b6 6. Bc4 Ba6 7. Bxa6 Nxa6 8. O-O
cxd4 9. cxd4 Nf6 10. Re1 O-O 11. Bg5 Qb7 12. Qe2 Rac8 13. Nb5 h6 14. Bxf6 Bxf6
15. Nc3 Bg7 16. h4 Nc7 17. Rad1 Qa6 18. Qd2 Qa5 19. a3 d6 20. e5 Rfe8 21. h5 g5
22. d5 Nb5 23. b4 Qa6 24. Nxb5 Qxb5 25. Nxg5 hxg5 26. Qxg5 Kh8 27. e6 f6 28. Qd2
Rg8 29. Rc1 Rc4 30. h6 Bf8 31. h7 Rgg4 32. Rxc4 Qxc4 33. Rc1 Qb3 34. Qe2 Qh3 35.
f3 Qh6 36. Rc8 Rh4 37. Qd3 Kg7 38. Ra8 Rh1+ 39. Kf2 Qh4+ 40. Ke3 Re1+ 41. Kd2
Qf2+ 42. Kc3 Re3 43. h8=Q+ Kxh8 44. Rxf8+ Kg7 45. Rf7+ Kg8 46. Rxe7 Rxd3+ 47.
Kxd3 Qxg2 48. Rxa7 Qxf3+ 49. Kc4 Qe2+ 50. Kd4 b5 0-1

[Event "World Teams 2013"]
[Site "Antalya TUR"]
[Date "2013.11.26"]
[Round "1.1"]
[White "Amin, Bassem"]
[Black "Baramidze, David"]
[Result "0-1"]
[WhiteTitle "GM"]
[BlackTitle "GM"]
[WhiteElo "2652"]
[BlackElo "2614"]
[WhiteTeam "Egypt"]
[BlackTeam "Germany"]
[WhiteFideId "10601457"]
[BlackFideId "4667719"]
[EventDate "2013.11.26"]

1. e4 e5 2. Nf3 Nc6 3. d4 exd4 4. Nxd4 Nf6 5. Nxc6 bxc6 6. e5 Qe7 7. Qe2 Nd5 8.
c4 Nb6 9. Nc3 Qe6 10. Qe4 g6 11. Bd3 Bg7 12. f4 Ba6 13. b3 d5 14. cxd5 cxd5 15.
Nxd5 Nxd5 16. Qa4+ c6 17. Bxa6 Bxe5 18. fxe5 Qxe5+ 19. Kf2 Qf6+ 20. Kg3 Qc3+ 21.
Kh4 O-O 22. Bh6 Ne7 23. Qf4 Nf5+ 24. Kg4 Rfe8 25. g3 Qa5 26. Bd3 Rad8 27. Bxf5
Rd4 28. Rae1 Qxf5+ 29. Kf3 Rxf4+ 30. Bxf4 Rxe1 31. Rxe1 g5 0-1

[Event "World Teams 2013"]
[Site "Antalya TUR"]
[Date "2013.11.26"]
[Round "1.2"]
[White "Ipatov, Alexander"]
[Black "Mamedov, Rauf"]
[Result "1/2-1/2"]
[WhiteTitle "GM"]
[BlackTitle "GM"]
[WhiteElo "2630"]
[BlackElo "2647"]
[WhiteTeam "Turkey"]
[BlackTeam "Azerbaijan"]
[WhiteFideId "14116731"]
[BlackFideId "13401653"]
[EventDate "2013.11.26"]

1. d4 Nf6 2. c4 g6 3. Nc3 Bg7 4. e4 d6 5. Nf3 O-O 6. Be2 e5 7. O-O Nc6 8. d5 Ne7
9. b4 Nh5 10. g3 f5 11. Ng5 Nf6 12. Bf3 fxe4 13. Ncxe4 Nf5 14. Bg2 Nxe4 15. Nxe4
a5 16. b5 b6 17. Bb2 Bd7 18. Qd2 Qe7 19. Rae1 Rae8 20. f4 Kh8 21. Ng5 h6 22. Nh3
Kh7 23. Nf2 Qd8 24. fxe5 dxe5 25. Nd3 Nd6 26. Rxf8 Rxf8 27. Qc1 e4 28. Bxg7 Kxg7
29. Nf2 Qf6 30. Nxe4 Qd4+ 31. Kh1 Bf5 32. Nd2 Rf7 33. Nf3 Qf6 34. c5 bxc5 35.
Qxc5 Be4 36. Ng1 Bxg2+ 37. Kxg2 Qb2+ 38. Re2 Qxb5 39. Qxb5 Nxb5 40. Rc2 Nd4 41.
Rc5 a4 42. Ra5 Nc2 43. Nf3 a3 1/2-1/2

[Event "World Teams 2013"]
[Site "Antalya TUR"]
[Date "2013.11.26"]
[Round "1.2"]
[White "Safarli, Eltaj"]
[Black "Solak, Dragan"]
[Result "1/2-1/2"]
[WhiteTitle "GM"]
[BlackTitle "GM"]
[WhiteElo "2653"]
[BlackElo "2618"]
[WhiteTeam "Azerbaijan"]
[BlackTeam "Turkey"]
[WhiteFideId "13402129"]
[BlackFideId "916811"]
[EventDate "2013.11.26"]

1. e4 c6 2. Nf3 d5 3. Nc3 Bg4 4. h3 Bxf3 5. Qxf3 e6 6. d4 dxe4 7. Nxe4 Nf6 8.
Bd3 Nxe4 9. Bxe4 Nd7 10. c3 Nf6 11. Bc2 Qd5 12. Qg3 g6 13. O-O Bg7 14. Bb3 Qd7
15. Re1 O-O 16. Bg5 a5 17. a3 b5 18. Qf3 Nd5 19. Rad1 Rfe8 20. g4 Bf8 21. h4 Be7
22. Kg2 Qd8 23. Re5 Ra7 24. Bxe7 Qxe7 25. h5 f6 26. Re4 gxh5 27. gxh5 f5 28. Re5
Qg5+ 29. Kf1 Rg7 30. Bxd5 cxd5 31. Rde1 Qg1+ 32. Ke2 Qg4 33. Rh1 Kf7 34. Rh3
Qxf3+ 35. Rxf3 Rg1 36. Rg3 Rh1 37. b3 Rxh5 38. c4 bxc4 39. bxc4 Rh4 40. cxd5
Rxd4 41. dxe6+ Rxe6 42. Rge3 Rxe5 43. Rxe5 Re4+ 44. Rxe4 fxe4 45. Ke3 a4 46.
Kxe4 Ke6 47. Kf4 Kf6 48. Kg4 Kg6 49. f4 Kf6 50. f5 h6 51. Kh5 Kxf5 52. Kxh6 Ke4
53. Kg5 Kd4 54. Kf4 Kc4 55. Ke3 Kb3 56. Kd2 Kxa3 57. Kc1 Ka2 58. Kc2 a3 59. Kc1
Ka1 60. Kc2 a2 1/2-1/2

[Event "World Teams 2013"]
[Site "Antalya TUR"]
[Date "2013.11.26"]
[Round "1.2"]
[White "Yilmaz, Mustafa"]
[Black "Mamedov, Nidjat"]
[Result "0-1"]
[WhiteTitle "GM"]
[BlackTitle "GM"]
[WhiteElo "2577"]
[BlackElo "2616"]
[WhiteTeam "Turkey"]
[BlackTeam "Azerbaijan"]
[WhiteFideId "6302718"]
[BlackFideId "13400819"]
[EventDate "2013.11.26"]

1. c4 Nf6 2. Nf3 g6 3. Nc3 Bg7 4. g3 O-O 5. Bg2 d6 6. O-O e5 7. d4 Nbd7 8. Qc2
c6 9. Rd1 Re8 10. dxe5 dxe5 11. Ng5 Qe7 12. Nce4 h6 13. Nxf7 Qxf7 14. Nd6 Qe7
15. Nxe8 Qxe8 16. b4 Nb6 17. c5 Nbd5 18. e4 Nc7 19. Bb2 a5 20. a3 a4 21. f4 exf4
22. gxf4 Be6 23. Rd2 Bb3 24. Qd3 Qf7 25. Qf3 Re8 26. Re1 Ne6 27. Rf2 Nh5 28.
Bxg7 Qxg7 29. Qg4 Nf6 30. Qg3 Nd4 31. Kh1 Nc2 32. Ree2 Nd4 33. Re3 Nh5 34. Qg4
Nf5 35. Re1 Nf6 36. Qh3 Kh7 37. Rd2 Bd5 38. e5 Bxg2+ 39. Qxg2 Nd5 40. Rf2 Qf7
41. Qe4 Qe6 42. Qd3 Rf8 43. b5 Ng7 44. bxc6 Qxc6 45. Qe4 Qxc5 46. Rc2 Qa5 47.
Rf1 Qb5 48. Rcc1 Rf5 49. Rb1 Qc6 50. Rbc1 Qe6 51. Rc5 Ne7 52. Qxb7 Rh5 53. Rc3
Nef5 54. Rd1 Rh4 55. Qd5 Qb6 56. Qd2 h5 57. h3 Ne6 58. Rf1 Nfd4 59. Kh2 Qb7 60.
Rd3 Qe4 61. Re3 Qf5 62. Qd3 Qf7 63. Rg3 Nf5 64. Rgf3 Qb7 65. Rb1 Qc6 66. Rbf1
Kh6 67. R3f2 Qb7 68. Rb1 Qf7 69. Rbf1 Kg7 70. Kg1 Qa7 71. Kh2 Ne3 72. f5 Nxf1+
73. Qxf1 Ng5 74. fxg6 Rxh3+ 75. Kg1 Ne4 0-1

[Event "World Teams 2013"]
[Site "Antalya TUR"]
[Date "2013.11.26"]
[Round "1.2"]
[White "Durarbayli, Vasif"]
[Black "Esen, Baris"]
[Result "1/2-1/2"]
[WhiteTitle "GM"]
[BlackTitle "GM"]
[WhiteElo "2559"]
[BlackElo "2565"]
[WhiteTeam "Azerbaijan"]
[BlackTeam "Turkey"]
[WhiteFideId "13402935"]
[BlackFideId "6302114"]
[EventDate "2013.11.26"]

1. e4 c5 2. Nc3 d6 3. Nge2 Nf6 4. d4 cxd4 5. Nxd4 a6 6. Be2 e5 7. Nb3 Be7 8. O-O
O-O 9. Re1 Be6 10. Bf3 Nbd7 11. a4 Qb8 12. Qd3 Rc8 13. Nd5 Bd8 14. a5 b5 15.
axb6 Bxd5 16. exd5 Bxb6 17. Bg5 a5 18. Ra4 Qc7 19. Re2 Rab8 20. h3 g6 21. c4 Kg7
22. Bg4 h5 23. c5 hxg4 24. cxb6 Qxb6 25. Re3 Nh7 26. Be7 Re8 27. Bh4 Qxb3 28.
Qxb3 Rxb3 29. Rxb3 Nc5 30. Rba3 Nxa4 31. Rxa4 g5 32. Bg3 f5 33. f3 Rb8 34. hxg4
f4 35. Be1 Rxb2 36. Rxa5 Nf6 37. Ra6 Rb1 38. Kf2 Rb2+ 39. Kg1 Rb1 40. Kf2 Nxd5
41. Rxd6 Rb2+ 42. Kg1 Ne3 43. Bc3 Rxg2+ 44. Kh1 Rf2 45. Bxe5+ Kf7 46. Rf6+ Ke7
47. Rg6 Rf1+ 48. Kh2 Rf2+ 49. Kh1 Rxf3 50. Rxg5 Ke6 51. Bb8 Kf6 52. Rg8 Kf7 53.
Rg5 Rf2 54. Kg1 Rg2+ 55. Kh1 f3 56. Ba7 f2 57. Rf5+ Kg6 58. Bxe3 Rg1+ 59. Kh2
f1=Q 60. Bxg1 Qe2+ 61. Kg3 Qd3+ 62. Rf3 Qd6+ 63. Kh3 Qd1 64. Kg2 Kg5 65. Be3+
Kxg4 66. Rg3+ Kf5 67. Bf2 Qd5+ 68. Kg1 Kf4 69. Re3 Qd1+ 70. Kg2 Qd5+ 71. Kg1 Qa8
72. Rg3 Qb7 73. Re3 Qd5 74. Rg3 Qc6 1/2-1/2

[Event "World Teams 2013"]
[Site "Antalya TUR"]
[Date "2013.11.26"]
[Round "1.3"]
[White "Wang, Yue"]
[Black "Van Wely, Loek"]
[Result "1/2-1/2"]
[WhiteTitle "GM"]
[BlackTitle "GM"]
[WhiteElo "2725"]
[BlackElo "2678"]
[WhiteTeam "China"]
[BlackTeam "Netherlands"]
[WhiteFideId "8601429"]
[BlackFideId "1000268"]
[EventDate "2013.11.26"]

1. Nf3 c5 2. c4 Nc6 3. Nc3 g6 4. g3 Bg7 5. Bg2 e6 6. d3 Nge7 7. h4 h6 8. Bf4 d6
9. Qc1 b6 10. O-O Bb7 11. a3 Nf5 12. Rb1 a5 13. Nb5 Na7 14. Nxa7 Rxa7 15. e4 Ne7
16. b4 axb4 17. axb4 h5 18. bxc5 bxc5 19. Rb3 O-O 20. Bh6 Qc7 21. Bxg7 Kxg7 22.
Qb2+ e5 23. Rb1 Bc8 24. Ne1 Nc6 25. Nc2 Be6 26. Rb7 Rxb7 27. Qxb7 Qxb7 28. Rxb7
Ra8 29. Rb6 Nd4 30. Nxd4 Ra1+ 31. Kh2 cxd4 32. Bh3 Bxh3 33. Kxh3 Ra3 34. Rxd6
Rxd3 35. Kg2 Rc3 36. Rd5 Kf6 37. c5 Ke6 38. f4 f6 1/2-1/2

[Event "World Teams 2013"]
[Site "Antalya TUR"]
[Date "2013.11.26"]
[Round "1.3"]
[White "Tiviakov, Sergei"]
[Black "Bu, Xiangzhi"]
[Result "0-1"]
[WhiteTitle "GM"]
[BlackTitle "GM"]
[WhiteElo "2663"]
[BlackElo "2683"]
[WhiteTeam "Netherlands"]
[BlackTeam "China"]
[WhiteFideId "1008013"]
[BlackFideId "8601445"]
[EventDate "2013.11.26"]

1. e4 c5 2. c3 Nf6 3. e5 Nd5 4. Nf3 Nc6 5. d4 cxd4 6. cxd4 d6 7. Bc4 Nb6 8. Bb5
dxe5 9. Nxe5 Bd7 10. Nxd7 Qxd7 11. Nc3 e6 12. O-O Rd8 13. Be3 Be7 14. Rc1 O-O
15. Na4 Qd5 16. Bxc6 bxc6 17. Nc3 Qa5 18. Qe2 Rd7 19. a3 Bf6 20. Ne4 Bxd4 21.
Rxc6 Qe5 22. Bxd4 Rxd4 23. Re1 Rfd8 24. g3 h6 25. Rc2 Qf5 26. Rd2 Nc4 27. Rxd4
Rxd4 28. f3 Qd5 29. Kg2 Rd3 30. Qf2 f5 31. Nc3 Qc6 32. Na2 a5 33. Nc1 Rd2 34.
Re2 Rd1 35. Nb3 Qd5 36. Qc5 a4 37. Qxd5 exd5 38. Nc5 d4 39. Nxa4 Kf7 40. b3 d3
41. Rf2 d2 42. Kh3 Rb1 43. Nc3 Rxb3 44. Nd1 Rb1 0-1

[Event "World Teams 2013"]
[Site "Antalya TUR"]
[Date "2013.11.26"]
[Round "1.3"]
[White "Yu, Yangyi"]
[Black "Sokolov, Ivan"]
[Result "1/2-1/2"]
[WhiteTitle "GM"]
[BlackTitle "GM"]
[WhiteElo "2668"]
[BlackElo "2625"]
[WhiteTeam "China"]
[BlackTeam "Netherlands"]
[WhiteFideId "8603820"]
[BlackFideId "14400030"]
[EventDate "2013.11.26"]

1. e4 e5 2. Nf3 Nc6 3. d4 exd4 4. Nxd4 Bc5 5. Nb3 Bb6 6. Nc3 d6 7. Qe2 a5 8. Be3
a4 9. Nd2 Bxe3 10. Qxe3 a3 11. b3 Nf6 12. Bb5 O-O 13. Bxc6 bxc6 14. f3 d5 15.
Qc5 Nd7 16. Qd4 Bb7 17. b4 Re8 18. O-O Nf8 19. Nb3 Ne6 20. Qd2 Qd6 21. exd5 cxd5
22. Nb5 Qb6+ 23. N5d4 Ba6 24. Rf2 Nxd4 25. Qxd4 Qxd4 26. Nxd4 Bc4 27. c3 Rac8
28. Nc2 Ra8 29. Rd2 g6 30. Kf2 c6 31. Ne3 Bb5 32. Rc1 Re7 33. Nc2 Bc4 34. Ne3
Bb5 35. Nc2 Bc4 36. Ne3 Bb5 37. Nc2 1/2-1/2

[Event "World Teams 2013"]
[Site "Antalya TUR"]
[Date "2013.11.26"]
[Round "1.4"]
[White "Ivanchuk, Vassily"]
[Black "Nakamura, Hikaru"]
[Result "1/2-1/2"]
[WhiteTitle "GM"]
[BlackTitle "GM"]
[WhiteElo "2731"]
[BlackElo "2786"]
[WhiteTeam "Ukraine"]
[BlackTeam "USA"]
[WhiteFideId "14100010"]
[BlackFideId "2016192"]
[EventDate "2013.11.26"]

1. e4 e5 2. Nf3 Nc6 3. Bb5 Nf6 4. Nc3 Bb4 5. O-O O-O 6. d3 Bxc3 7. bxc3 d6 8.
Bg5 Qe7 9. Re1 Nd8 10. d4 Ne6 11. Bc1 Rd8 12. Bf1 c5 13. g3 Nf8 14. Nh4 h6 15.
a4 Qc7 16. a5 Bd7 17. Nf5 Ng6 18. Ne3 Ne7 19. dxe5 dxe5 20. Qf3 Qc6 21. Bd3 c4
22. Nxc4 Bg4 23. Qe3 Be6 24. Nxe5 Qxc3 25. Ba3 Qxe5 26. Bxe7 Ng4 27. Qc5 Qxc5
28. Bxc5 Ne5 29. Re3 Ng4 30. Ree1 Ne5 31. Be2 Rac8 32. Bxa7 Rxc2 33. Be3 Bc4 34.
Red1 Ra8 35. Bh5 g6 36. Bd4 Nc6 37. Bf3 Nxd4 38. Rxd4 b6 39. Bd1 Rc3 40. a6 Rxa6 1/2-1/2

[Event "World Teams 2013"]
[Site "Antalya TUR"]
[Date "2013.11.26"]
[Round "1.4"]
[White "Kamsky, Gata"]
[Black "Korobov, Anton"]
[Result "0-1"]
[WhiteTitle "GM"]
[BlackTitle "GM"]
[WhiteElo "2721"]
[BlackElo "2713"]
[WhiteTeam "USA"]
[BlackTeam "Ukraine"]
[WhiteFideId "2000024"]
[BlackFideId "14105730"]
[EventDate "2013.11.26"]

1. d4 d5 2. Bf4 Nf6 3. e3 c5 4. c3 Nc6 5. Nd2 e6 6. Ngf3 Bd6 7. Bg3 O-O 8. Bd3
b6 9. Ne5 Bb7 10. O-O Rc8 11. f4 Ne7 12. Qb1 Rc7 13. Bh4 Ng6 14. Bg5 Qa8 15. f5
Nxe5 16. dxe5 Bxe5 17. Qe1 h6 18. Bxf6 Bxf6 19. fxe6 fxe6 20. Qg3 e5 21. Bf5 Qe8
22. c4 d4 23. Ne4 Rc6 24. Rae1 Kh8 25. b3 Bc8 26. Bxc8 Qxc8 27. h3 Qe6 28. Rf3
Be7 29. Rxf8+ Bxf8 30. exd4 cxd4 31. Nf2 Bd6 32. Qf3 Rc8 33. Nd3 Rf8 34. Qe4 Qf5
35. Qxf5 Rxf5 36. Rf1 Rf6 37. Re1 Re6 38. Re4 Kg8 39. Kf2 Kf7 40. Ke2 Re8 41.
Kf3 Ke6 42. Re2 Kf5 43. Nf2 Rf8 44. g3 h5 45. Ne4 Bb4 46. Rf2 Rd8 47. Rf1 a5 48.
a4 d3 49. Ke3+ Ke6 50. Ng5+ Ke7 51. Nf3 d2 52. Ke2 e4 53. Ng5 e3 54. Nf3 Bc5 55.
Ne5 Ke6 56. Nd3 Kd6 57. Rf5 Kc6 58. Ne5+ Kc7 59. Rf1 Bd6 60. Nd3 Bxg3 61. Rg1 g5
62. c5 Bf2 63. cxb6+ Kxb6 64. Rh1 g4 65. hxg4 hxg4 66. Rh6+ Kc7 67. Rh7+ Kc8 68.
Rh1 g3 69. Nf4 Kb7 70. Ng2 Kc6 71. Kd1 Kc5 72. Rh5+ Kb4 73. Rb5+ Ka3 74. Re5 Rd3 0-1

[Event "World Teams 2013"]
[Site "Antalya TUR"]
[Date "2013.11.26"]
[Round "1.4"]
[White "Moiseenko, Alexander"]
[Black "Onischuk, Alexander"]
[Result "1/2-1/2"]
[WhiteTitle "GM"]
[BlackTitle "GM"]
[WhiteElo "2709"]
[BlackElo "2672"]
[WhiteTeam "Ukraine"]
[BlackTeam "USA"]
[WhiteFideId "14102560"]
[BlackFideId "14101025"]
[EventDate "2013.11.26"]

1. d4 Nf6 2. c4 e6 3. Nc3 Bb4 4. Nf3 b6 5. Bg5 Bb7 6. e3 h6 7. Bh4 g5 8. Bg3 Ne4
9. Qc2 f5 10. d5 Na6 11. Be5 O-O 12. O-O-O Bxc3 13. Bxc3 Nxc3 14. Qxc3 Qf6 15.
Qxf6 Rxf6 16. h4 g4 17. Ne5 exd5 18. cxd5 Re8 19. Nxd7 Rd6 20. Bb5 Re7 21. Bxa6
Bxa6 22. Nb8 Bb7 23. Nc6 Bxc6 24. dxc6 Rxc6+ 25. Kb1 g3 26. Rhf1 Rce6 27. fxg3
Rxe3 28. Rxf5 Rxg3 29. Rd2 Kg7 30. h5 Rg5 31. Rxg5+ hxg5 32. g4 Re4 33. Rg2 c5
34. Kc2 Rd4 1/2-1/2

[Event "World Teams 2013"]
[Site "Antalya TUR"]
[Date "2013.11.26"]
[Round "1.4"]
[White "Akobian, Varuzhan"]
[Black "Kryvoruchko, Yuriy"]
[Result "1/2-1/2"]
[WhiteTitle "GM"]
[BlackTitle "GM"]
[WhiteElo "2625"]
[BlackElo "2701"]
[WhiteTeam "USA"]
[BlackTeam "Ukraine"]
[WhiteFideId "13300580"]
[BlackFideId "14109182"]
[EventDate "2013.11.26"]

1. d4 Nf6 2. c4 e6 3. Nc3 Bb4 4. Qc2 O-O 5. a3 Bxc3+ 6. Qxc3 d5 7. Nf3 dxc4 8.
Qxc4 b6 9. Bg5 Ba6 10. Qa4 Qd7 11. Qc2 c5 12. Bxf6 gxf6 13. dxc5 Rc8 14. Rd1
Rxc5 15. Qe4 Rd5 16. Rxd5 exd5 17. Qf4 Qc8 18. Nd4 Qc4 19. Qd2 Qa2 20. f3 Nd7
21. Kf2 Nc5 22. Nf5 Ne6 23. e3 Bxf1 24. Rxf1 Qb3 25. Rc1 Rd8 26. Rc6 Qb5 27. Qc3
d4 28. Nxd4 Nxd4 29. exd4 Kg7 30. d5 Qxd5 31. Qxf6+ Kg8 32. Rc7 Ra8 33. h4 a5
34. h5 h6 35. Qxh6 Re8 36. Kg3 Qe5+ 37. Qf4 Qxh5 38. Rc6 b5 39. Rf6 Re5 40. Rxf7
Qg6+ 41. Kf2 Qc2+ 42. Kg3 Qg6+ 43. Kf2 Qc2+ 44. Kg3 Qg6+ 1/2-1/2

[Event "World Teams 2013"]
[Site "Antalya TUR"]
[Date "2013.11.26"]
[Round "1.5"]
[White "Kramnik, Vladimir"]
[Black "Aronian, Levon"]
[Result "1/2-1/2"]
[WhiteTitle "GM"]
[BlackTitle "GM"]
[WhiteElo "2793"]
[BlackElo "2801"]
[WhiteTeam "Russia"]
[BlackTeam "Armenia"]
[WhiteFideId "4101588"]
[BlackFideId "13300474"]
[EventDate "2013.11.26"]

1. d4 Nf6 2. c4 e6 3. Nf3 d5 4. Nc3 c6 5. Bg5 dxc4 6. e4 b5 7. e5 h6 8. Bh4 g5
9. Nxg5 hxg5 10. Bxg5 Be7 11. exf6 Bxf6 12. Bxf6 Qxf6 13. g3 Bb7 14. Bg2 Na6 15.
Ne4 Qe7 16. O-O O-O-O 17. h4 c5 18. a4 Rxd4 19. Qe2 b4 20. Rfd1 Bd5 21. Rac1
Rxd1+ 22. Rxd1 Rd8 23. Rc1 Qb7 24. Rxc4 Qc6 25. h5 f5 26. Nxc5 Bxc4 27. Qxc4
Qxc5 28. Qxe6+ Kc7 29. Qxa6 Rd1+ 30. Kh2 f4 31. Qb7+ Kd8 32. Qa8+ Ke7 33. Qe4+
Kd8 34. Qa8+ Ke7 35. Qe4+ Kd8 36. Qxf4 Qxh5+ 37. Bh3 Qc5 38. a5 Rd5 39. Qf6+ Ke8
40. Qe6+ Kf8 41. Qf6+ Ke8 42. Bg4 Qd4 43. Qe6+ Kf8 44. Qh6+ Ke7 45. Qe6+ Kf8 46.
Kg2 Rd6 47. Qc8+ Kg7 48. Qc7+ Kf8 49. Qc8+ Kg7 1/2-1/2

[Event "World Teams 2013"]
[Site "Antalya TUR"]
[Date "2013.11.26"]
[Round "1.5"]
[White "Movsesian, Sergei"]
[Black "Karjakin, Sergey"]
[Result "1/2-1/2"]
[WhiteTitle "GM"]
[BlackTitle "GM"]
[WhiteElo "2700"]
[BlackElo "2756"]
[WhiteTeam "Armenia"]
[BlackTeam "Russia"]
[WhiteFideId "310204"]
[BlackFideId "14109603"]
[EventDate "2013.11.26"]

1. Nf3 Nf6 2. g3 d5 3. Bg2 e6 4. O-O Be7 5. d3 c5 6. Nbd2 Nc6 7. e4 O-O 8. Re1
b5 9. exd5 exd5 10. a4 Rb8 11. axb5 Rxb5 12. b3 Be6 13. Bb2 Qd7 14. Ne5 Nxe5 15.
Bxe5 Ng4 16. Bc3 Bf6 17. Bxf6 Nxf6 18. Ra6 Rc8 19. Qa1 Rc7 20. Nf3 Rb6 21. Ra5
Rb5 22. Ra4 h6 23. Ne5 Qe7 24. h3 Rb6 25. Kh2 Bc8 26. Ng4 Nxg4+ 27. Rxg4 Qf6 28.
Rf4 Qxa1 29. Rxa1 Rd6 30. Ra5 a6 31. Rfa4 Kf8 32. h4 Ke7 33. Kg1 g5 34. Kf1 Bd7
35. Ra1 gxh4 36. gxh4 Bc8 37. Re1+ Kf6 38. Re8 Be6 39. Ke1 c4 40. bxc4 1/2-1/2

[Event "World Teams 2013"]
[Site "Antalya TUR"]
[Date "2013.11.26"]
[Round "1.5"]
[White "Grischuk, Alexander"]
[Black "Akopian, Vladimir"]
[Result "1/2-1/2"]
[WhiteTitle "GM"]
[BlackTitle "GM"]
[WhiteElo "2785"]
[BlackElo "2681"]
[WhiteTeam "Russia"]
[BlackTeam "Armenia"]
[WhiteFideId "4126025"]
[BlackFideId "13300032"]
[EventDate "2013.11.26"]

1. e4 e5 2. Nf3 Nc6 3. Bb5 Nf6 4. O-O Nxe4 5. d4 Nd6 6. Bxc6 dxc6 7. dxe5 Nf5 8.
Qxd8+ Kxd8 9. h3 h5 10. Rd1+ Ke8 11. Nc3 Be7 12. Ne2 Be6 13. Nf4 Bc8 14. e6 Bxe6
15. Nxe6 fxe6 16. Re1 Bf6 17. Bf4 Bxb2 18. Rab1 Bc3 19. Rxe6+ Kd7 20. Re2 b6 21.
Rb3 Bf6 22. g4 hxg4 23. hxg4 Nd6 24. g5 Bd8 25. Ne5+ Kc8 26. Nxc6 Rf8 27. Bxd6
cxd6 28. Nxd8 Kxd8 29. Rbe3 Rc8 30. Re6 Rc4 31. Rxd6+ Kc7 32. Rg6 Rg4+ 33. Kf1
Rf7 34. Ke1 Kd7 35. c3 Rgf4 36. Rd2+ Kc7 37. Re6 R4f5 38. g6 Rd7 39. Rde2 Rd6
40. Re7+ Rd7 41. R2e4 Rf6 42. R7e6 Rxe6 43. Rxe6 Kd8 44. Ke2 Rc7 45. Kd3 Kd7 46.
Re4 Rc6 47. Ra4 Rxg6 48. Rxa7+ Kd6 49. Ra4 Rg1 50. Rb4 Kc5 51. a4 Rd1+ 52. Ke2
Rc1 53. Rb5+ Kc6 54. Kd3 Rd1+ 55. Ke3 Rc1 56. Kd2 Ra1 57. Rb4 Ra2+ 58. Ke3 Rc2
59. Rc4+ Kd5 60. Rc7 g5 61. f3 Kd6 62. Rc8 Kd5 63. Kd3 Rf2 64. Rf8 Ra2 65. Rf5+
Kc6 66. Rxg5 Rxa4 67. Rg4 Ra1 68. Re4 b5 69. Re3 Kd5 70. f4 Rf1 71. Re5+ Kd6 72.
Ke4 Rc1 73. Rd5+ Ke7 74. Rc5 Rb1 75. Kd3 Rb2 76. Re5+ Kd6 77. Re2 Rb1 78. Rf2
Ke6 79. Kc2 Ra1 80. Kb2 Ra4 81. f5+ Kf6 82. Kb3 Rh4 83. Rf1 Rg4 84. Rf3 Rh4 85.
Ka3 Ra4+ 86. Kb2 Rh4 87. Kb3 Rg4 1/2-1/2

[Event "World Teams 2013"]
[Site "Antalya TUR"]
[Date "2013.11.26"]
[Round "1.5"]
[White "Sargissian, Gabriel"]
[Black "Nepomniachtchi, Ian"]
[Result "1/2-1/2"]
[WhiteTitle "GM"]
[BlackTitle "GM"]
[WhiteElo "2676"]
[BlackElo "2721"]
[WhiteTeam "Armenia"]
[BlackTeam "Russia"]
[WhiteFideId "13300881"]
[BlackFideId "4168119"]
[EventDate "2013.11.26"]

1. d4 Nf6 2. c4 g6 3. g3 c6 4. Bg2 d5 5. Qa4 Nfd7 6. Qc2 dxc4 7. Nf3 Bg7 8. O-O
Nb6 9. Rd1 Na6 10. a3 O-O 11. h3 Bd7 12. Nc3 Qc8 13. Kh2 c5 14. d5 Nc7 15. e4 e6
16. d6 Nb5 17. Nxb5 Bxb5 18. a4 Bc6 19. a5 Nd7 20. Qxc4 b5 21. Qe2 a6 22. e5 Qb7
23. Bf4 Rae8 24. Ne1 Bxg2 25. Nxg2 f6 26. exf6 Bxf6 27. Rac1 Qa8 28. b3 Bd4 29.
b4 c4 30. Rxd4 e5 31. Re4 exf4 32. Re7 Nf6 33. Nxf4 Rxe7 34. dxe7 Re8 35. Qe6+
Kg7 36. Qe5 Qa7 37. Ne6+ Kf7 38. Nd8+ Kg7 39. Ne6+ Kf7 40. Ng5+ Kg7 41. Ne6+ 1/2-1/2